Physics Problems in General (Record no. 4751)
[ view plain ]
| 000 -LEADER | |
|---|---|
| fixed length control field | 00216nam a22000857a 4500 |
| 008 - FIXED-LENGTH DATA ELEMENTS--GENERAL INFORMATION | |
| fixed length control field | 161209b xxu||||| |||| 00| 0 eng d |
| 020 ## - INTERNATIONAL STANDARD BOOK NUMBER | |
| International Standard Book Number | 9788123902517 |
| 100 ## - MAIN ENTRY--PERSONAL NAME | |
| 9 (RLIN) | 1956 |
| Personal name | Irodow |
| 245 ## - TITLE STATEMENT | |
| Title | Physics Problems in General |
| 260 ## - PUBLICATION, DISTRIBUTION, ETC. (IMPRINT) | |
| Place of publication, distribution, etc. | New Delhi |
| Name of publisher, distributor, etc. | CBS |
| Date of publication, distribution, etc. | 2000 |
| Withdrawn status | Lost status | Source of classification or shelving scheme | Damaged status | Koha normalized classification for sorting | Not for loan | Home library | Current library | Shelving location | Date acquired | Total Checkouts | Full call number | Barcode | Date last seen | Price effective from | Koha item type |
|---|---|---|---|---|---|---|---|---|---|---|---|---|---|---|---|
| Dewey Decimal Classification | IRO_530_000000000000000_C1 | Good Samaritan School Library | Good Samaritan School Library | Physics | 12/09/2016 | IRO530 C-1 | IRO9380 | 12/09/2016 | 12/09/2016 | Reference |